DICOM alapú képarchiváló- és továbbítórendszer biztonságának megoldása, szerver oldali megközelítésből

Elmentve itt :
Bibliográfiai részletek
Szerző: Berente Gabriella Tímea
További közreműködők: Kuba Attila (Témavezető)
Dokumentumtípus: Szakdolgozat
Megjelent: 2002
Tárgyszavak:
Online Access:http://diploma.bibl.u-szeged.hu/2237
LEADER 00770nta a2200169 i 4500
001 dipl2237
005 20130314071152.0
008 110221s2002 hu om 0|| hun d
040 |a SZTE Diploma Repozitórium  |b hun 
041 |a hun 
100 1 |a Berente Gabriella Tímea 
245 1 0 |a DICOM alapú képarchiváló- és továbbítórendszer biztonságának megoldása, szerver oldali megközelítésből  |h [elektronikus dokumentum] /  |c Gabriella Tímea Berente 
260 |c 2002 
650 4 |a Informatika 
700 1 |a Kuba Attila  |e ths 
856 4 0 |u http://diploma.bibl.u-szeged.hu/id/eprint/2237/1/2002_berente_gabriella_timea_02_15.pdf  |z Dokumentum-elérés  
856 4 0 |u http://diploma.bibl.u-szeged.hu/id/eprint/2237/2/2002_berente_gabriella_timea_02_15_velemeny.pdf  |z Dokumentum-elérés